000 00779cam a22002653a 4500
001 1551
003 PGUSA
005 20140828083003.0
008 981201s1998||||xxu|||||s|||||000 1 eng d
040 _aPGUSA
_beng
042 _adc
050 4 _aPS
100 1 _aWiggin, Kate Douglas Smith,
_d1856-1923
245 1 2 _aA Cathedral Courtship
_h[electronic resource] /
_cKate Douglas Smith Wiggin
260 _bProject Gutenberg,
_c1998
506 _aPublic domain in the USA.
516 _aElectronic text
653 _aEngland -- Description and travel -- Fiction
653 _aAmericans -- England -- Fiction
653 _aDiary fiction
653 _aLove stories
830 0 _aProject Gutenberg
_v1551
856 4 0 _uhttp://www.gutenberg.org/ebooks/1551
942 _cEB
999 _c230899
_d230899